| 000 | 01282nam a2200265Ia 4500 | ||
|---|---|---|---|
| 003 | PE SENCICO BE | ||
| 005 | 20251020182435.0 | ||
| 008 | 200515s9999 xx 000 0 und d | ||
| 040 |
_aPE SENCICO BE _cPE SENCICO BE |
||
| 041 | _aspa | ||
| 082 |
_a378.013 _bP4 |
||
| 110 | 1 |
_aPerú. _92677 _bMinisterio de Educación |
|
| 245 | 1 | 0 |
_aOferta de educación técnica en el Perú / _cMinisterio de Educación |
| 250 | _a[1a ed.] | ||
| 260 |
_aLima : _bMinisterio de Educación ; _bAgencia Española de Cooperación Internacional ; _c1994 |
||
| 300 |
_a165 páginas : _btablas ; _c23 cm. |
||
| 500 | _aEn la cubierta: Proyecto diseño del sistema de educación técnica y formación profesional | ||
| 505 | 0 | _aLa educación superior tecnológica en el Perú -- La educación superior tecnológica en el sector agrario -- Los centros de educación ocupacional en el Perú | |
| 520 | 3 | _aDetermina el estado situacional de la oferta de educación técnica en el Perú a fin de establecer las bases del diseño del nuevo modelo educativo que se viene formulando. | |
| 650 | 1 | 0 |
_aFormación profesional _91311 |
| 650 | 2 | 0 |
_aEducación técnica _92705 |
| 650 | 2 | 0 |
_aFormación técnica _93058 |
| 710 | 1 |
_93059 _aAgencia Española de Cooperación Internacional |
|
| 942 |
_cLIB _2ddc |
||
| 999 |
_c377 _d377 |
||